[Event "22nd Reykjavik op"]
[Site "Reykjavik ISL"]
[Date "2006.03.14"]
[Round "9.17"]
[White "Sutovsky, Emil"]
[Black "Sigfusson, Sigurdur"]
[WhiteElo "2624"]
[BlackElo "2339"]
[Result "1-0"]
[EventDate "2006.03.06"]
[PlyCount "43"]

1.e4 e5 2.Nf3 Nc6 3.Bb5 a6 4.Ba4 Nf6 5.O-O Be7 6.Re1 b5 7.Bb3 O-O 8.h3 d6 
9.c3 Na5 10.Bc2 c5 11.d4 Qc7 12.Nbd2 Bd7 13.Nf1 cxd4 14.cxd4 Rac8 15.Ne3 
Nc4 16.Nxc4 bxc4 17.Bd2 Rfe8 18.Bc3 Bf8 19.Qd2 Bc6 20.Ba5 Qb7 21.d5 Bd7 
22.Qb4 1-0

[Event "22nd Reykjavik op"]
[Site "Reykjavik ISL"]
[Date "2006.03.14"]
[Round "9.20"]
[White "Williams, Simon"]
[Black "Arngrimsson, Dagur"]
[WhiteElo "2452"]
[BlackElo "2298"]
[Result "1-0"]
[EventDate "2006.03.06"]
[PlyCount "47"]

1.d4 d5 2.c4 c6 3.Nc3 Nf6 4.Nf3 dxc4 5.e4 b5 6.e5 Nd5 7.a4 e6 8.Ng5 Be7 9.
h4 h6 10.Nge4 b4 11.Nb1 Ba6 12.Qg4 g6 13.Nbd2 c3 14.bxc3 Nxc3 15.Bxa6 Nxa6
16.O-O Qxd4 17.Bb2 Qxe5 18.Rfe1 Qf5 19.Qg3 Nxe4 20.Nxe4 O-O 21.Rac1 c5 22.
Qe3 Kh7 23.Ng3 Qg4 24.Qe5 1-0

[Event "22nd Reykjavik op"]
[Site "Reykjavik ISL"]
[Date "2006.03.14"]
[Round "9.21"]
[White "Sanchez Castillo, Sarai"]
[Black "Gunnarsson, Jon Viktor"]
[WhiteElo "2177"]
[BlackElo "2421"]
[Result "1/2-1/2"]
[EventDate "2006.03.06"]
[PlyCount "38"]

1.e4 c5 2.Nf3 d6 3.Nc3 a6 4.a4 Nc6 5.d4 cxd4 6.Nxd4 e6 7.Be2 Nge7 8.O-O 
Nxd4 9.Qxd4 Nc6 10.Qe3 Be7 11.Rd1 Bf6 12.Qg3 Nd4 13.Bd3 O-O 14.f4 g6 15.e5
Bg7 16.Be3 dxe5 17.fxe5 Nc6 18.Bxg6 Qa5 19.Bd3 Nxe5 1/2-1/2

[Event "22nd Reykjavik op"]
[Site "Reykjavik ISL"]
[Date "2006.03.14"]
[Round "9.22"]
[White "Andersson, Christin"]
[Black "Vasilevich, Tatjana"]
[WhiteElo "2170"]
[BlackElo "2395"]
[Result "1/2-1/2"]
[EventDate "2006.03.06"]
[PlyCount "60"]

1.e4 g6 2.d4 Bg7 3.Nf3 d6 4.h3 a6 5.a4 b6 6.Nc3 Bb7 7.Bf4 e6 8.Be2 Nd7 9.
O-O Ne7 10.e5 d5 11.b4 c5 12.b5 a5 13.Re1 Qc7 14.Bf1 cxd4 15.Ne2 h6 16.
Nexd4 Nf5 17.Nxf5 gxf5 18.Rc1 Nc5 19.Nd4 Nxa4 20.c4 Nc5 21.cxd5 Bxd5 22.
Nxf5 Bf8 23.Nd6+ Bxd6 24.exd6 Qb7 25.Bg3 Rg8 26.Qh5 Rg6 27.Qe5 Kd7 28.Qf4 
f6 29.Qe3 Rag8 30.Bd3 Rg5 1/2-1/2

[Event "22nd Reykjavik op"]
[Site "Reykjavik ISL"]
[Date "2006.03.14"]
[Round "9.23"]
[White "Marinelli, Tullio"]
[Black "Kjartansson, Gudmundur"]
[WhiteElo "2391"]
[BlackElo "2287"]
[Result "1-0"]
[EventDate "2006.03.06"]
[PlyCount "57"]

1.d4 Nf6 2.c4 g6 3.Nc3 Bg7 4.e4 d6 5.f3 O-O 6.Be3 c5 7.Nge2 Qa5 8.Qd2 Nc6 
9.d5 Ne5 10.Nc1 a6 11.Be2 Bd7 12.f4 Neg4 13.Nb3 Qb4 14.e5 Nh5 15.O-O Nxe3 
16.Qxe3 Nxf4 17.Rxf4 Bxe5 18.Re4 f6 19.Rf1 a5 20.Qd2 Bf5 21.Rxf5 gxf5 22.
Rh4 f4 23.Qc2 f5 24.a3 Qb6 25.Bd3 Rf6 26.Bxf5 h6 27.Be6+ Kh8 28.Ne4 Rg6 
29.Nxd6 1-0

[Event "22nd Reykjavik op"]
[Site "Reykjavik ISL"]
[Date "2006.03.14"]
[Round "9.24"]
[White "Akesson, Ralf"]
[Black "Bick, John"]
[WhiteElo "2494"]
[BlackElo "2238"]
[Result "0-1"]
[EventDate "2006.03.06"]
[PlyCount "102"]

1.Nf3 Nf6 2.c4 e6 3.Nc3 Bb4 4.g3 O-O 5.Bg2 d5 6.a3 Be7 7.d4 dxc4 8.Qa4 a6 
9.Qxc4 b5 10.Qd3 Bb7 11.O-O c5 12.Rd1 cxd4 13.Nxd4 Bxg2 14.Kxg2 Ra7 15.Qf3
Rd7 16.Be3 Nd5 17.Nxd5 Rxd5 18.Rd2 Qd7 19.Rad1 Rd8 20.Nf5 Rxd2 21.Rxd2 Qe8
22.Nxe7+ Qxe7 23.Qa8 Rxd2 24.Bxd2 Qd6 25.f3 f5 26.Bc3 Qc7 27.e4 g6 28.f4 
Kf7 29.exf5 gxf5 30.Kh3 Qd6 31.Qf3 Kg6 32.Be5 Qc6 33.Qd3 Nd7 34.Bc3 Qd5 
35.Qe2 Nf6 36.Bxf6 Kxf6 37.Kh4 Qd8 38.Qh5 Qg8 39.Qh6+ Kf7 40.Qg5 Qg6 41.h3
Ke8 42.Qxg6+ hxg6 43.Kg5 Kf7 44.Kh6 Kf6 45.b4 Kf7 46.Kh7 e5 47.fxe5 g5 48.
g4 f4 49.h4 gxh4 50.g5 h3 51.g6+ Ke7 0-1

[Event "22nd Reykjavik op"]
[Site "Reykjavik ISL"]
[Date "2006.03.14"]
[Round "9.25"]
[White "Johnson, Ben"]
[Black "Rocha, Sergio"]
[WhiteElo "2189"]
[BlackElo "2405"]
[Result "0-1"]
[EventDate "2006.03.06"]
[PlyCount "100"]

1.c4 c5 2.Nf3 Nc6 3.Nc3 g6 4.g3 Bg7 5.Bg2 a6 6.O-O Rb8 7.b3 b5 8.cxb5 axb5
9.Bb2 d6 10.d3 e5 11.Nd2 Nge7 12.Nd5 O-O 13.Nxe7+ Nxe7 14.Qc2 Be6 15.e3 
Qb6 16.Rfb1 Rfc8 17.a4 Nc6 18.Ne4 Nb4 19.Qd1 d5 20.Ng5 Bd7 21.Bc3 h6 22.
Bh3 f5 23.Nf3 d4 24.Bxb4 cxb4 25.e4 Rc3 26.a5 Qf6 27.a6 Bc6 28.exf5 gxf5 
29.Nh4 e4 30.Bxf5 Rxd3 31.Qg4 Qg5 32.a7 Rd8 33.Rc1 Rc3 34.Re1 Qxg4 35.Bxg4
d3 36.Nf5 Ba8 37.Nxg7 Kxg7 38.Ra5 Rd5 39.Kf1 Rdc5 40.Rd1 Rxb3 41.Bd7 Ra3 
42.Rxb5 Rxb5 43.Bxb5 Rxa7 44.f3 Ra5 45.Bc4 Rc5 46.Ba6 Rc3 47.fxe4 Bxe4 48.
Kf2 Kf6 49.Ke3 Ke5 50.Ra1 Ra3 0-1

[Event "22nd Reykjavik op"]
[Site "Reykjavik ISL"]
[Date "2006.03.14"]
[Round "9.26"]
[White "Hamdouchi, Adina Maria"]
[Black "Mankeyev, Rauan"]
[WhiteElo "2294"]
[BlackElo "2381"]
[Result "1-0"]
[EventDate "2006.03.06"]
[PlyCount "123"]

1.d4 Nf6 2.Nf3 c5 3.d5 e6 4.Nc3 d6 5.dxe6 Bxe6 6.e4 Nc6 7.Be2 Be7 8.O-O h6
9.a4 O-O 10.Re1 d5 11.exd5 Nxd5 12.Nxd5 Bxd5 13.Be3 b6 14.c3 Bf6 15.Qc2 
Qc8 16.Rad1 Rd8 17.Bf4 Na5 18.c4 Qg4 19.cxd5 Qxf4 20.b3 Nb7 21.g3 Qb4 22.
Bb5 Nd6 23.Bc6 Rac8 24.Ne5 Bxe5 25.Rxe5 Rc7 26.Rde1 a6 27.Rc1 Qd4 28.Re3 
Ra7 29.a5 bxa5 30.Qxc5 Nf5 31.Qxa5 Nxe3 32.Qxd8+ Kh7 33.Qa5 Nf5 34.Qc5 
Qxc5 35.Rxc5 a5 36.Ba4 h5 37.h4 g6 38.Kg2 Kg7 39.Rc6 Ne7 40.Rc5 Nf5 41.Kf3
Kf6 42.Ke4 Nd6+ 43.Kd3 Ke5 44.Bc6 Nf5 45.Rc1 Ne7 46.Kc4 Kd6 47.Kb5 Rc7 48.
Rd1 Ra7 49.Ra1 Rc7 50.Rxa5 Rc8 51.Ra7 Rb8+ 52.Rb7 Rd8 53.Kc4 f5 54.f4 Ng8 
55.b4 Nf6 56.Rg7 Ne4 57.Rxg6+ Kc7 58.Rg7+ Kd6 59.b5 Nd2+ 60.Kd3 Ne4 61.Kd4
Rb8 62.Rd7# 1-0

[Event "22nd Reykjavik op"]
[Site "Reykjavik ISL"]
[Date "2006.03.14"]
[Round "9.29"]
[White "Ptacnikova, Lenka"]
[Black "Jonsson, Bjorgvin"]
[WhiteElo "2204"]
[BlackElo "2392"]
[Result "1/2-1/2"]
[EventDate "2006.03.06"]
[PlyCount "48"]

1.c4 Nf6 2.g3 e6 3.Bg2 d5 4.Nf3 c6 5.Qc2 Be7 6.O-O O-O 7.d4 Nbd7 8.b3 b6 
9.Nc3 Ba6 10.Rd1 Rc8 11.e4 dxc4 12.Qe2 b5 13.bxc4 bxc4 14.Bf4 Bb4 15.Rdc1 
Qe7 16.a3 Ba5 17.Rab1 Rfd8 18.Qc2 Nb6 19.Na4 Nfd7 20.Bg5 f6 21.Be3 Bb5 22.
Nc3 Ba6 23.Na4 Bb5 24.Nc3 Ba6 1/2-1/2

[Event "22nd Reykjavik op"]
[Site "Reykjavik ISL"]
[Date "2006.03.14"]
[Round "9.30"]
[White "Salama, Omar"]
[Black "D`Costa, Lorin"]
[WhiteElo "2199"]
[BlackElo "2386"]
[Result "1/2-1/2"]
[EventDate "2006.03.06"]
[PlyCount "152"]

1.d4 Nf6 2.c4 c5 3.d5 g6 4.Nc3 d6 5.e4 Bg7 6.f4 O-O 7.Nf3 e6 8.Be2 Re8 9.
O-O Na6 10.e5 dxe5 11.fxe5 Ng4 12.Bg5 Qd7 13.Bf4 exd5 14.cxd5 Qf5 15.Qd2 
Nxe5 16.Bxe5 Rxe5 17.Nxe5 Qxe5 18.Bxa6 bxa6 19.Rae1 Qd4+ 20.Qxd4 Bxd4+ 21.
Kh1 Bf5 22.Re7 h5 23.Rfe1 Kf8 24.Rb7 Bf6 25.Ne4 Bxe4 26.Rxe4 Rd8 27.g3 
Rxd5 28.Re2 h4 29.Kg2 hxg3 30.hxg3 c4 31.Rf2 Kg7 32.Rxa7 Ra5 33.a3 Rb5 34.
Rxa6 Bxb2 35.a4 Rb4 36.a5 Bd4 37.Re2 c3 38.Rc6 Ra4 39.a6 f6 40.Re7+ Kh6 
41.Kf3 Ra2 42.Re2 Ra5 43.Re4 Be5 44.Rec4 Kg5 45.Rg4+ Kf5 46.Rb4 Ra3 47.g4+
Kg5 48.Ke2 Ra2+ 49.Kd3 Kh4 50.Rb7 Rd2+ 51.Ke3 Bd4+ 52.Ke4 Kxg4 53.Rb4 Be5 
54.Ra4 Rd8 55.a7 Ra8 56.Rb6 g5 57.Rb3 Kg3 58.Kd5 Kf3 59.Rbb4 g4 60.Kc6 g3 
61.Kb7 Rxa7+ 62.Kxa7 g2 63.Rb1 Bh2 64.Raa1 Kf2 65.Ra2+ Kg3 66.Raa1 Kf2 67.
Ra2+ Kf3 68.Raa1 f5 69.Kb6 c2 70.Rc1 g1=Q+ 71.Rxg1 Bxg1+ 72.Rxg1 Ke3 73.
Kc5 Kd3 74.Rg3+ Kd2 75.Rg2+ Kc3 76.Rxc2+ Kxc2 1/2-1/2

[Event "22nd Reykjavik op"]
[Site "Reykjavik ISL"]
[Date "2006.03.14"]
[Round "9.33"]
[White "Mamedjarova, Turkan"]
[Black "Einarsson, Bergsteinn"]
[WhiteElo "2308"]
[BlackElo "2245"]
[Result "1/2-1/2"]
[EventDate "2006.03.06"]
[PlyCount "64"]

1.d4 Nf6 2.Nf3 e6 3.g3 d5 4.Bg2 b6 5.c4 Bb4+ 6.Bd2 Be7 7.cxd5 exd5 8.O-O 
Bb7 9.Nc3 O-O 10.Ne5 c6 11.Rc1 Nbd7 12.f4 c5 13.e3 Nxe5 14.fxe5 Ne4 15.
Nxe4 dxe4 16.Bc3 Qd5 17.Rf4 Qxa2 18.Bxe4 Bxe4 19.Rxe4 Qd5 20.Rg4 cxd4 21.
Qxd4 Qe6 22.Qe4 Rac8 23.Rf1 f5 24.exf6 Qxe4 25.Rxe4 Bxf6 26.Ra1 Bxc3 27.
bxc3 a5 28.c4 Rfe8 29.Rxe8+ Rxe8 30.Kf2 Rc8 31.Ra4 Kf7 32.Kf3 Ke6 1/2-1/2

[Event "22nd Reykjavik op"]
[Site "Reykjavik ISL"]
[Date "2006.03.14"]
[Round "9.34"]
[White "Thorsteinsson, Erlingur"]
[Black "Weeks, Manuel"]
[WhiteElo "2147"]
[BlackElo "2273"]
[Result "1/2-1/2"]
[EventDate "2006.03.06"]
[PlyCount "84"]

1.Nf3 Nf6 2.b3 g6 3.Bb2 Bg7 4.g3 O-O 5.Bg2 d5 6.c4 c6 7.O-O a5 8.Nc3 Na6 
9.d4 Bf5 10.Nh4 Be6 11.cxd5 Nxd5 12.Rc1 Nab4 13.Qd2 Nxc3 14.Bxc3 Qb6 15.e4
Rfd8 16.Nf3 Bg4 17.a3 Bxf3 18.Bxf3 Na6 19.Rb1 Nc7 20.d5 Bxc3 21.Qxc3 cxd5 
22.exd5 Nxd5 23.Qe5 e6 24.Rfc1 Rac8 25.Rxc8 Rxc8 26.Bxd5 Qc5 27.b4 axb4 
28.Rxb4 b5 29.Qb2 Qxd5 30.Rxb5 Qf3 31.Rb8 Qd1+ 32.Kg2 Rxb8 33.Qxb8+ Kg7 
34.Qb4 Qc2 35.Kh3 Qe2 36.Qc3+ e5 37.f4 f6 38.fxe5 fxe5 39.Qc7+ Kh6 40.Qe7 
Qf1+ 41.Kh4 Qc4+ 42.Kh3 Qf1+ 1/2-1/2

[Event "22nd Reykjavik op"]
[Site "Reykjavik ISL"]
[Date "2006.03.14"]
[Round "9.35"]
[White "Krockenberger, Martin"]
[Black "Hagesaether, Ellen"]
[WhiteElo "2267"]
[BlackElo "2202"]
[Result "0-1"]
[EventDate "2006.03.06"]
[PlyCount "74"]

1.c4 g6 2.Nc3 Bg7 3.g3 e5 4.Bg2 d6 5.e4 Nf6 6.Nge2 O-O 7.O-O c6 8.d3 a6 9.
h3 b5 10.cxb5 axb5 11.b4 Bb7 12.Qb3 Nbd7 13.f4 exf4 14.gxf4 Qb6+ 15.Kh1 
Rae8 16.a4 bxa4 17.Nxa4 Qb5 18.Ra3 Nxe4 19.Bxe4 Rxe4 20.dxe4 Qxe2 21.Qd3 
Qxd3 22.Rxd3 Ba6 23.Rxd6 Bxf1 24.Rxd7 Bxh3 25.Rd6 Bf1 26.Nb6 Bb5 27.e5 h5 
28.Kg2 Rb8 29.Nd7 Ra8 30.Be3 Ra2+ 31.Kf3 Ra3 32.Nf6+ Bxf6 33.exf6 h4 34.
Rd8+ Kh7 35.Rd7 Bc4 36.f5 Bd5+ 37.Kf2 h3 0-1

[Event "22nd Reykjavik op"]
[Site "Reykjavik ISL"]
[Date "2006.03.14"]
[Round "9.36"]
[White "Bjarnason, Oskar"]
[Black "Halldorsson, Jon Arni"]
[WhiteElo "2255"]
[BlackElo "2145"]
[Result "1/2-1/2"]
[EventDate "2006.03.06"]
[PlyCount "47"]

1.e4 e6 2.d4 d5 3.Nd2 Nf6 4.e5 Nfd7 5.Bd3 c5 6.c3 Nc6 7.Ngf3 a5 8.O-O g6 
9.Re1 Bg7 10.h4 cxd4 11.cxd4 Qb6 12.Qa4 Qb4 13.Bb5 Qxa4 14.Bxa4 Na7 15.Bc2
O-O 16.Nb1 Nc6 17.Nc3 Nb4 18.Bb1 Nb6 19.Bg5 Bd7 20.a3 Nc6 21.Bd3 a4 22.Nb5
Na5 23.Nd6 Nc8 24.Nxc8 1/2-1/2

[Event "22nd Reykjavik op"]
[Site "Reykjavik ISL"]
[Date "2006.03.14"]
[Round "9.38"]
[White "Moskow, Eric"]
[Black "Thorhallsson, Gylfi"]
[WhiteElo "2248"]
[BlackElo "2187"]
[Result "1-0"]
[EventDate "2006.03.06"]
[PlyCount "60"]

1.c4 f5 2.Nc3 Nf6 3.g3 e6 4.Bg2 Be7 5.Nf3 O-O 6.O-O d6 7.d3 c6 8.Rb1 Qe8 
9.b4 e5 10.Qb3 Kh8 11.b5 Qh5 12.c5 e4 13.cxd6 Bxd6 14.dxe4 fxe4 15.Ng5 e3 
16.f4 Nbd7 17.Bf3 Qg6 18.Ba3 c5 19.Nd5 Nb6 20.Nxf6 gxf6 21.Bb2 Bf5 22.Rbc1
Rae8 23.Bg2 a6 24.Nf3 Be6 25.Qd1 Rd8 26.Nh4 Qg7 27.Qc2 Rg8 28.Nf5 Qf8 29.
Qe4 Bxa2 30.Rfd1 Bb8 1-0

[Event "22nd Reykjavik op"]
[Site "Reykjavik ISL"]
[Date "2006.03.14"]
[Round "9.40"]
[White "Thorsteinsdottir, Gudlaug"]
[Black "Hardarson, Robert"]
[WhiteElo "2147"]
[BlackElo "2369"]
[Result "0-1"]
[EventDate "2006.03.06"]
[PlyCount "86"]

1.d4 Nf6 2.c4 c5 3.d5 b5 4.cxb5 a6 5.b6 Qxb6 6.Nc3 d6 7.g3 g6 8.Bg2 Bg7 9.
Nf3 O-O 10.O-O a5 11.Re1 Nbd7 12.e4 Ng4 13.h3 Nge5 14.Nxe5 Nxe5 15.f4 Nc4 
16.Qb3 Bd4+ 17.Kh2 Qb4 18.e5 Ba6 19.exd6 exd6 20.f5 Rfe8 21.Rd1 Ne3 22.
Bxe3 Rxe3 23.Qc2 Be5 24.fxg6 hxg6 25.Ne4 f5 26.Qd2 Qxd2 27.Nxd2 Bxg3+ 28.
Kh1 Be5 29.Rab1 Bd3 30.Nf1 Bxb1 31.Nxe3 Bxa2 32.Rd2 Bf4 33.Rd3 Re8 34.Nf1 
Re2 35.Ra3 Rxb2 36.Rxa5 Bc4 37.Ra4 Rb4 38.Ra1 Bd3 39.Rd1 c4 40.Kg1 Rb2 41.
Bf3 Kg7 42.h4 Kf6 43.Re1 c3 0-1

[Event "22nd Reykjavik op"]
[Site "Reykjavik ISL"]
[Date "2006.03.14"]
[Round "9.41"]
[White "Baldursson, Hrannar"]
[Black "Gutierrez Castillo, Paloma"]
[WhiteElo "2174"]
[BlackElo "2158"]
[Result "1-0"]
[EventDate "2006.03.06"]
[PlyCount "109"]

1.e4 e5 2.Nf3 Nc6 3.Bb5 Nf6 4.O-O Nxe4 5.Re1 Nd6 6.Bxc6 dxc6 7.Nxe5 Be7 8.
d4 O-O 9.Nc3 Nf5 10.Ne2 Be6 11.c3 c5 12.Nf3 cxd4 13.Nexd4 Nxd4 14.Nxd4 Bd5
15.Bf4 Bf6 16.Qg4 Qc8 17.Qh5 c6 18.Be5 g6 19.Qh6 Qg4 20.f3 Qg5 21.Qxg5 
Bxg5 22.f4 Bh6 23.b3 f6 24.Bd6 Rfe8 25.c4 Be4 26.g3 Rad8 27.c5 Bf8 28.Bxf8
Rxd4 29.Bd6 Rd2 30.Re3 Rg2+ 31.Kf1 Rxh2 32.Rae1 f5 33.R1e2 Rh1+ 34.Kf2 h5 
35.Rd2 Rd8 36.Re1 Rh2+ 37.Ke3 Rh3 38.Kf2 Kf7 39.Rxe4 fxe4 40.Kg2 Rxg3+ 41.
Kxg3 Ke6 42.Kf2 Kf5 43.Ke3 h4 44.Rg2 h3 45.Rg5+ Kf6 46.Rg3 b6 47.b4 a5 48.
Rxh3 axb4 49.Rh7 Kf5 50.Rf7+ Ke6 51.Re7+ Kf6 52.Rxe4 Rd7 53.Be5+ Kf5 54.
cxb6 c5 55.Bc7 1-0

[Event "22nd Reykjavik op"]
[Site "Reykjavik ISL"]
[Date "2006.03.14"]
[Round "9.42"]
[White "Player, Edmund"]
[Black "Vovk, Oksana"]
[WhiteElo "2122"]
[BlackElo "2164"]
[Result "1-0"]
[EventDate "2006.03.06"]
[PlyCount "61"]

1.e4 e6 2.d4 d5 3.Nd2 c5 4.exd5 exd5 5.Ngf3 Nc6 6.Bb5 Bd6 7.dxc5 Bxc5 8.
O-O Ne7 9.Nb3 Bd6 10.Bxc6+ bxc6 11.Qd4 O-O 12.Bf4 Ba6 13.Bxd6 Qxd6 14.Rfe1
Ng6 15.Qc5 Qf6 16.Nbd4 Rfc8 17.Re3 Nf4 18.g3 Ng6 19.Rae1 h5 20.h4 Rab8 21.
b3 Ra8 22.Ne5 Nxe5 23.Rxe5 g6 24.Re7 Kh8 25.R1e3 Kg8 26.Rf3 Qg7 27.Kh2 Bf1
28.Ne6 Qe5 29.Rfxf7 Qxe6 30.Rxe6 Kxf7 31.Qe7+ 1-0

[Event "22nd Reykjavik op"]
[Site "Reykjavik ISL"]
[Date "2006.03.14"]
[Round "9.43"]
[White "Mouradian, Knarik"]
[Black "Thorgeirsson, Sverrir"]
[WhiteElo "2190"]
[BlackElo "1954"]
[Result "1/2-1/2"]
[EventDate "2006.03.06"]
[PlyCount "72"]

1.e4 e6 2.d4 d5 3.Nc3 Nf6 4.Bg5 Bb4 5.e5 h6 6.Bd2 Bxc3 7.bxc3 Ne4 8.Qg4 
Kf8 9.Nf3 c5 10.Bd3 Nxd2 11.Kxd2 Nc6 12.a3 Qa5 13.Qf4 cxd4 14.Nxd4 Nxd4 
15.Qxd4 Qc7 16.Rab1 b6 17.f4 g6 18.g4 Bd7 19.Rhf1 Rc8 20.Ba6 Rb8 21.Bd3 
Ke7 22.f5 g5 23.Qb4+ Ke8 24.Qd4 Ke7 25.Rf2 Rhc8 26.fxe6 Bxe6 27.Bf5 Qc5 
28.Bxe6 fxe6 29.Rbf1 Qxd4+ 30.cxd4 Rf8 31.Rf6 Rxf6 32.Rxf6 Rh8 33.Rg6 Kf7 
34.Rf6+ Ke7 35.Rg6 Kf7 36.Rf6+ Ke7 1/2-1/2

[Event "22nd Reykjavik op"]
[Site "Reykjavik ISL"]
[Date "2006.03.14"]
[Round "9.45"]
[White "Ragnarsson, Johann"]
[Black "Palsson, Svanberg Mar"]
[WhiteElo "2134"]
[BlackElo "1720"]
[Result "1-0"]
[EventDate "2006.03.06"]
[PlyCount "77"]

1.d4 Nf6 2.c4 d6 3.Bf4 g6 4.Nc3 Bg7 5.h3 O-O 6.Nf3 c5 7.e3 Na6 8.Be2 Nc7 
9.O-O Bd7 10.d5 a6 11.a4 Rb8 12.a5 b5 13.axb6 Rxb6 14.Ra2 Qb8 15.Qd2 Bf5 
16.g4 Bd7 17.e4 h5 18.e5 Nh7 19.exd6 exd6 20.Ne4 hxg4 21.hxg4 Bxg4 22.Bxd6
Rxd6 23.Nxd6 f5 24.Qe3 Qb6 25.Qe7 Bf6 26.Qd7 Bxf3 27.Bxf3 Ng5 28.Bg2 Rd8 
29.Nc8 Qb7 30.Ne7+ Kf7 31.Qxd8 Bxe7 32.Qd7 Qb3 33.d6 Nh3+ 34.Bxh3 Qxh3 35.
Qxe7+ Kg8 36.Qd8+ Kh7 37.Qxc7+ Kh6 38.Qc6 Qg4+ 39.Qg2 1-0

[Event "22nd Reykjavik op"]
[Site "Reykjavik ISL"]
[Date "2006.03.14"]
[Round "9.47"]
[White "Magnusson, Bjarni"]
[Black "Kristjansson, Atli Freyr"]
[WhiteElo "2016"]
[BlackElo "1922"]
[Result "0-1"]
[EventDate "2006.03.06"]
[PlyCount "68"]

1.d4 Nf6 2.Nf3 g6 3.Bg5 Bg7 4.Nbd2 d6 5.e4 O-O 6.Be2 c5 7.dxc5 dxc5 8.O-O 
Nc6 9.c3 h6 10.Bh4 b6 11.Qc2 Bb7 12.Rad1 Qc7 13.Bg3 e5 14.h3 Nh5 15.Bh2 
Nf4 16.Nc4 Nxe2+ 17.Qxe2 Ba6 18.Rd2 Rad8 19.Rfd1 Rxd2 20.Rxd2 Rd8 21.b3 
Qe7 22.Qd1 Rxd2 23.Ncxd2 Qd6 24.Qc2 b5 25.Nf1 b4 26.c4 Nd4 27.Nxd4 Qxd4 
28.Ne3 Bb7 29.Kh1 Bxe4 30.Qe2 Qd3 31.Qg4 f5 32.Qxg6 f4 33.Qe6+ Kh7 34.Nd5 
Qf1+ 0-1

[Event "22nd Reykjavik op"]
[Site "Reykjavik ISL"]
[Date "2006.03.14"]
[Round "9.49"]
[White "Eichab, Charles"]
[Black "Trifunovic, Dusan"]
[WhiteElo "2157"]
[BlackElo "2012"]
[Result "0-1"]
[EventDate "2006.03.06"]
[PlyCount "70"]

1.e4 e5 2.Nf3 d6 3.Bc4 Nf6 4.Nc3 Bg4 5.h3 Bh5 6.d3 Nc6 7.g4 Bg6 8.h4 h5 9.
g5 Nd7 10.Be3 Na5 11.Qe2 c6 12.a4 Nxc4 13.dxc4 Qa5 14.Bd2 Qc7 15.Nh2 f5 
16.gxf6 gxf6 17.O-O-O O-O-O 18.b3 Nc5 19.Rhg1 Qh7 20.f3 Ne6 21.Qg2 Bf7 22.
Kb2 Bh6 23.Qf2 b6 24.a5 Kc7 25.Na4 Rb8 26.axb6+ axb6 27.b4 Nd4 28.c3 c5 
29.cxd4 exd4 30.Kb3 b5 31.bxc5 bxa4+ 32.Kxa4 Be8+ 33.Ka3 Kc8 34.Ba5 Be3 
35.Qe1 Qd7 0-1